00435nam a2200145Ia 4500008004100000020001500041100002200056245003000078260001400108500002400122650003500146942000700181952008400188999001700272230524s9999 xx 000 0 und d a818551352X aAnne Frank936666 4aThe Diary of a Young Girl bBook Club aQuantity Number: 1 aPersonality Development936667 cBK 00104070aTATCLbTATCLcGENd2023-05-24l0p44996r2023-05-24w2023-05-24yBK c50694d50694